Zwischen Furcht und Feindseligkeit: narrative Radikalisierungsangebote in Online-Gruppen

Das MOTRA-Internetmonitoring hat das Ziel, Online-Dynamiken und -Prozesse, die Radikalisierung abbilden oder fördern, empirisch messbar zu machen und zu beobachten. Nachdem im letztjährigen Monitor-Beitrag die Rolle der Gruppe in Radikalisierungsprozessen auf theoretischer Ebene in den Blick genomme...

Descripción completa

Guardado en:  
Detalles Bibliográficos
Autores principales: Schulze, Heidi (Autor) ; Greipl, Simon (Autor) ; Hohner, Julian (Autor) ; Rieger, Diana 1978- (Autor)
Tipo de documento: Print Artículo
Lenguaje:Alemán
Publicado: 2022
En: MOTRA-Monitor
Año: 2022, Páginas: 40-67
Verificar disponibilidad: HBZ Gateway
Palabras clave:
Parallel Edition:Electrónico

MARC

LEADER 00000naa a2200000 c 4500
001 1941301177
003 DE-627
005 20251114133313.0
007 tu
008 251114s2022 xx ||||| 00| ||ger c
035 |a (DE-627)1941301177 
035 |a (DE-599)KXP1941301177 
040 |a DE-627  |b ger  |c DE-627  |e rda 
041 |a ger 
084 |a 2,1  |2 ssgn 
100 1 |a Schulze, Heidi  |e VerfasserIn  |0 (DE-588)1163669253  |0 (DE-627)102804318X  |0 (DE-576)50814017X  |4 aut 
109 |a Schulze, Heidi 
245 1 0 |a Zwischen Furcht und Feindseligkeit: narrative Radikalisierungsangebote in Online-Gruppen  |c Heidi Schulze, Simon Greipl, Julian Hohner, Diana Rieger 
264 1 |c 2022 
336 |a Text  |b txt  |2 rdacontent 
337 |a ohne Hilfsmittel zu benutzen  |b n  |2 rdamedia 
338 |a Band  |b nc  |2 rdacarrier 
520 |a Das MOTRA-Internetmonitoring hat das Ziel, Online-Dynamiken und -Prozesse, die Radikalisierung abbilden oder fördern, empirisch messbar zu machen und zu beobachten. Nachdem im letztjährigen Monitor-Beitrag die Rolle der Gruppe in Radikalisierungsprozessen auf theoretischer Ebene in den Blick genommen wurde, präsentiert der diesjährige Monitor-Beitrag zwei empirische Studien, die Gruppendynamiken in Online-Umgebungen untersuchen. Beide Studien widmen sich der Fragestellung - auf Basis unterschiedlicher Analysezugänge und Datensätze - wie die ‚multiplen Krisen‘ der letzten Jahre in verschiedenen radikalen bis extremen Gruppierungen auf Telegram verhandelt wurden. Im Kern steht das Erkenntnisinteresse, welche Narrative wie und innerhalb welcher Communities/Gruppierungen verbreitet werden, um die Gruppe nach innen zu stärken und nach außen nicht nur abzugrenzen, sondern auch gegen außen zu mobilisieren. Die erste Studie adressiert die Rolle und Präsenz von Furchtrede (‚Fear Speech‘) und untersucht, welche Krisenthemen im Zeitraum 2020 bis 2022 gezielt mit Bedrohungsszenarien von außen aufgeladen werden, um über das geteilte Schicksal ein Gemeinschaftsgefühl zu fördern oder über die gezielte Ansprache verschiedener, teils existenzieller Ängste gegen eine wahrgenommene Bedrohung zu mobilisieren. Die zweite Studie nimmt die deutschsprachige Rechtsaußenszene auf Telegram in den Fokus und untersucht die inhaltliche Dynamik und Vernetzung auf Basis geteilter Narrative während der COVID-19-Pandemie. Der Beitrag schließt mit einer kritischen Reflexion aktueller, für Radikalisierungsdynamiken relevanter Entwicklungen im Feld Sozialer Medien sowie einem kurzen Ausblick. 
650 4 |a Radikalisierung Online 
650 4 |a Radikalisierungsindikatoren 
650 4 |a Gruppenprozesse 
650 4 |a Online-Communities 
650 4 |a Telegram 
650 4 |a Fear Speech 
650 4 |a Furchtrede 
650 4 |a Verschwörungstheorien 
650 4 |a Elitenfeindlichkeit 
700 1 |a Greipl, Simon  |e VerfasserIn  |0 (DE-588)1288230028  |0 (DE-627)1844711870  |4 aut 
700 1 |a Hohner, Julian  |e VerfasserIn  |0 (DE-588)1264931905  |0 (DE-627)1813768536  |4 aut 
700 1 |a Rieger, Diana  |d 1978-  |e VerfasserIn  |0 (DE-588)140471278  |0 (DE-627)618405666  |0 (DE-576)318233967  |4 aut 
773 0 8 |i Enthalten in  |a MOTRA (Projekt)  |t MOTRA-Monitor  |d Wiesbaden : [MOTRA Bundeskriminalamt - Forschungsstelle Terrorismus/Extremismus], 2021  |g (2022), Seite 40-67  |h Bände  |w (DE-627)1782083618  |w (DE-600)3103891-8  |7 nnas 
773 1 8 |g year:2022  |g pages:40-67 
776 0 8 |i Erscheint auch als  |n Online-Ausgabe  |a Schulze, Heidi  |t Zwischen Furcht und Feindseligkeit  |d 2023  |w (DE-627)1883924162  |k Electronic 
951 |a AR 
ELC |b 1 
LOK |0 000 xxxxxcx a22 zn 4500 
LOK |0 001 4806130850 
LOK |0 003 DE-627 
LOK |0 004 1941301177 
LOK |0 005 20251114133313 
LOK |0 008 251114||||||||||||||||ger||||||| 
LOK |0 040   |a DE-2619  |c DE-627  |d DE-2619 
LOK |0 092   |o n 
LOK |0 852   |a DE-2619 
LOK |0 852 1  |9 00 
LOK |0 939   |a 14-11-25  |b l01 
ORI |a SA-MARC-krimdoka001.raw